Statistics for Catalonia Cities over 100K with Map

Click here to take the quiz!

General Stats

  • This quiz has been taken 90 times
  • The average score is 9 of 11

Answers on the Map

Answers color-coded by a green-red scale on the quiz's map according to % correct below.
 

Answer Stats

Answer% Correct
Barcelona
100%
Girona
100%
Tarragona
92%
Lleida
90%
Badalona
88%
L'Hospitalet de Llobregat
88%
Terrassa
84%
Sabadell
83%
Mataró
79%
Reus
77%
Santa Coloma de Gramenet
64%

Score Distribution

Percentile by Number Answered

Percent of People with Each Score

Your Score History

You have not taken this quiz